000 00252nam a22000857a 4500
008 160713b xxu||||| |||| 00| 0 eng d
100 _92716
_aMaanu Graphics
245 _aIllustrated Amazing Facts
_bYou wouldn't know
260 _aNew Delhi
_bMaanu Graphics
_c2012
999 _c2358
_d2358